000 00664nam a2200193 a 4500
001 000027355
005 20200930030757.0
008 110331s1958 sp 000 0 spa d
040 _aDO-SdBNP
_bspa
_cBNPHU
082 _axxxx
_bR288c
245 0 0 _aReales cédulas y correspondencia de gobernadores de Santo Domingo. /
_crecopilación J. Marino Inchaustegui.
260 _aMadrid, :
_b[s.n.],
_c1958.
300 _av. ;
_c24 cm.
490 1 _aHistórico-documental Trujilloniana
500 _aLa biblioteca posee el volumen 3 y 5
500 _aIncluye índices
700 1 _aInchaustegui, J. Marino
_953793
830 0 _aHistórico-documental Trujilloniana
_954436
999 _c26847
_d26847